Obras de don Jorge Huneeus

Saved in:
Bibliographic Details
Main Author: Huneeus Zegers, Jorge (1835-1889) (Author)
Format: Book
Language:Spanish
Published: Santiago Archivo Central Andrés Bello 2016
Edition:1a. ed
Series:Colección Obras de Derecho Público, 2-3
Subjects:
Tags: Add Tag
No Tags, Be the first to tag this record!

MARC

LEADER 00000cam a2200000 a 4500
001 UCD6418
003 CL-VaPUC
008 161209e20160000cl |||||||||||||||||spa|d
020 |a 9789561909649o.c 
020 |a 9789561909656t.1 
020 |a 9789561909663t.2 
082 0 4 |a 342.83  |b HUN  |2 21 
100 |a Huneeus Zegers, Jorge (1835-1889)  |e author  |9 670102 
245 1 0 |a Obras de don Jorge Huneeus 
250 |a 1a. ed 
300 |a t 
942 |c BK 
945 |d 20161209 23:21:00  |a dcastane 
260 |a Santiago  |b Archivo Central Andrés Bello  |c 2016 
500 |a Obra facsimilar del original del año 1890 
500 |a t.1: la Constitución ante el Congreso. Primera parte artículos 1 a 49 -1 a 58- 
500 |a t.2: la Constitución ante el Congreso. Segunda y última parte artículos 50 a 159 -59 a 168- y transitorios 
650 0 |a Derecho constitucional   |9 222588 
650 7 |a GOBIERNO Y POLITICA  |2 CL-VaPUC  |9 383663 
650 0 |a Poder legislativo  |9 258808 
650 0 |a Parlamento  |9 338611 
650 0 |a Derecho público   |9 255910 
650 0 |a Poder ejecutivo  |9 255177 
650 0 |a Administración interior del Estado  |9 383654 
650 7 |a CONSTITUCION 1833  |2 CL-VaPUC  |9 312090 
583 |a last modification  |c 20161209 23:21:00  |k Rodrigo Vera 
490 0 |a Colección Obras de Derecho Público, 2-3 
999 |c 366769  |d 366767 
952 |0 0  |1 0  |3 erb  |4 0  |6 342_830000000000000_HUN_2016  |7 0  |8 A  |9 481302  |a BIBDER  |b BIBDER  |h t.1  |i 5348382  |l 1  |o 342.83 HUN 2016  |p 5348382  |r 2023-06-06  |s 2023-06-06  |w 2019-11-24  |y BK  |z Catalogado en:20161209  |k DER 
952 |0 0  |1 0  |3 erb  |4 0  |6 342_830000000000000_HUN_2016  |7 0  |8 A  |9 481303  |a BIBDER  |b BIBDER  |h t.2  |i 5348390  |l 1  |o 342.83 HUN 2016  |p 5348390  |r 2023-06-06  |s 2023-06-06  |w 2019-11-24  |y BK  |z Catalogado en:20161209  |k DER